<?xml version="1.0" encoding="UTF-8"?>
<record
    xmlns:xsi="http://www.w3.org/2001/XMLSchema-instance"
    xsi:schemaLocation="http://www.loc.gov/MARC21/slim http://www.loc.gov/standards/marcxml/schema/MARC21slim.xsd"
    xmlns="http://www.loc.gov/MARC21/slim">

  <leader>00565nam a22001937a 4500</leader>
  <datafield tag="999" ind1=" " ind2=" ">
    <subfield code="c">189465</subfield>
    <subfield code="d">189465</subfield>
  </datafield>
  <controlfield tag="005">20220808125217.0</controlfield>
  <datafield tag="010" ind1=" " ind2=" ">
    <subfield code="a">B-745358-360</subfield>
  </datafield>
  <datafield tag="020" ind1=" " ind2=" ">
    <subfield code="a">9780007449408</subfield>
    <subfield code="c">250.00</subfield>
  </datafield>
  <datafield tag="035" ind1=" " ind2=" ">
    <subfield code="a">B-745358-360</subfield>
  </datafield>
  <datafield tag="037" ind1=" " ind2=" ">
    <subfield code="b">Collins Classics</subfield>
  </datafield>
  <datafield tag="082" ind1=" " ind2=" ">
    <subfield code="a">N</subfield>
  </datafield>
  <datafield tag="100" ind1=" " ind2=" ">
    <subfield code="a">Joyce James </subfield>
  </datafield>
  <datafield tag="245" ind1=" " ind2=" ">
    <subfield code="a">Dubliners/</subfield>
    <subfield code="c">by James Joyce</subfield>
  </datafield>
  <datafield tag="260" ind1=" " ind2=" ">
    <subfield code="a">New Delhi</subfield>
    <subfield code="b">Collins Classics</subfield>
    <subfield code="c">2011</subfield>
  </datafield>
  <datafield tag="270" ind1=" " ind2=" ">
    <subfield code="a">77-85 Fulham Place Road Hammersmith</subfield>
    <subfield code="b">London</subfield>
    <subfield code="e">W6 8JB</subfield>
  </datafield>
  <datafield tag="300" ind1=" " ind2=" ">
    <subfield code="a">ix. 242p.</subfield>
    <subfield code="c">18c.m (Pb)</subfield>
  </datafield>
  <datafield tag="942" ind1=" " ind2=" ">
    <subfield code="2">ddc</subfield>
    <subfield code="c">EN</subfield>
    <subfield code="m">JOY</subfield>
    <subfield code="h">N</subfield>
  </datafield>
  <datafield tag="952" ind1=" " ind2=" ">
    <subfield code="0">0</subfield>
    <subfield code="1">0</subfield>
    <subfield code="4">0</subfield>
    <subfield code="7">0</subfield>
    <subfield code="8">FIC</subfield>
    <subfield code="a">L</subfield>
    <subfield code="b">L</subfield>
    <subfield code="d">2022-08-08</subfield>
    <subfield code="e">Gift/08.08.2022</subfield>
    <subfield code="g">250.00</subfield>
    <subfield code="l">6</subfield>
    <subfield code="m">4</subfield>
    <subfield code="o">N JOY</subfield>
    <subfield code="p">B-745358</subfield>
    <subfield code="r">2026-06-30 16:47:46</subfield>
    <subfield code="s">2026-06-29</subfield>
    <subfield code="t">1</subfield>
    <subfield code="v">250.00</subfield>
    <subfield code="w">2022-08-08</subfield>
    <subfield code="y">EN</subfield>
  </datafield>
  <datafield tag="952" ind1=" " ind2=" ">
    <subfield code="0">0</subfield>
    <subfield code="1">0</subfield>
    <subfield code="4">0</subfield>
    <subfield code="7">0</subfield>
    <subfield code="8">FIC</subfield>
    <subfield code="a">AV</subfield>
    <subfield code="b">AV</subfield>
    <subfield code="d">2022-08-08</subfield>
    <subfield code="e">Gift/08.08.2022</subfield>
    <subfield code="g">250.00</subfield>
    <subfield code="l">0</subfield>
    <subfield code="o">N JOY</subfield>
    <subfield code="p">B-745359</subfield>
    <subfield code="r">2022-08-08 00:00:00</subfield>
    <subfield code="t">1</subfield>
    <subfield code="v">250.00</subfield>
    <subfield code="y">EN</subfield>
  </datafield>
  <datafield tag="952" ind1=" " ind2=" ">
    <subfield code="0">0</subfield>
    <subfield code="1">0</subfield>
    <subfield code="4">0</subfield>
    <subfield code="7">0</subfield>
    <subfield code="8">FIC</subfield>
    <subfield code="a">ZLS</subfield>
    <subfield code="b">ZLS</subfield>
    <subfield code="d">2022-08-08</subfield>
    <subfield code="e">Gift/08.08.2022</subfield>
    <subfield code="g">250.00</subfield>
    <subfield code="l">7</subfield>
    <subfield code="m">6</subfield>
    <subfield code="o">N JOY</subfield>
    <subfield code="p">B-745360</subfield>
    <subfield code="r">2026-06-15 10:36:16</subfield>
    <subfield code="s">2026-06-01</subfield>
    <subfield code="t">1</subfield>
    <subfield code="v">250.00</subfield>
    <subfield code="y">EN</subfield>
  </datafield>
</record>
